000 00657nam a2200193 i 4500
001 59942
003 ES-MaACL
005 20230906164127.0
007 t|
008 031031s1971 sp ||||1| cat d
245 0 0 _aEsglesia i Estat durant la segona República Espanyola
_b: 1931-1936 /
_cedició a cura de M. Batllori i V.M. Arbeloa.
260 _a[Barcelona :
_bMarina],
_c1971.
300 _a1 t. en 2 v. ;
_c24 cm.
500 _aTextos en la llengua original.
505 8 _aContiene: T. I: 14 d'abril-30 d'octubre de 1931
700 1 _aArbeloa, Víctor Manuel.
_922388
700 1 _aBatllori, Miguel.
_926460
852 _aES-MaACL
_jP.1669
_bR.80068
999 _c59942
_d59942